Ловильные работы в нефтяных скважинах. Техника и технология: пер. с англ.

ग्रंथसूची विवरण
मुख्य लेखक: Кемп Г. Гоур
भाषा:रूसी
प्रकाशित: Москва, Недра, 1990
विषय:
स्वरूप: पुस्तक
KOHA link:https://koha.lib.tpu.ru/cgi-bin/koha/opac-detail.pl?biblionumber=247328

MARC

LEADER 00000nam0a2200000 4500
001 247328
005 20231031212027.0
010 |a 5247019156 
035 |a (RuTPU)RU\TPU\book\268813 
090 |a 247328 
100 |a 20131223d1990 k y0rusy50 ca 
101 1 |a rus  |c eng 
102 |a RU 
105 |a a z 001zy 
200 1 |a Ловильные работы в нефтяных скважинах. Техника и технология  |e пер. с англ.  |f Г. Кемп 
210 |a Москва  |c Недра  |d 1990 
215 |a 96 с.  |c ил. 
320 |a Библиогр.: с. 97. 
606 1 |a Нефтяные скважины  |2 stltpush  |3 (RuTPU)RU\TPU\subj\46086 
610 1 |a ловильные работы 
610 1 |a техника 
610 1 |a технология 
610 1 |a трубы 
610 1 |a прихват 
610 1 |a местоположение 
610 1 |a деформирование 
610 1 |a насосно-компрессорные трубы 
610 1 |a обсадные колонны 
675 |a 622.24.058  |v 3 
700 1 |a Кемп  |b Г.  |g Гоур 
801 1 |a RU  |b 63413507  |c 20131223 
801 2 |a RU  |b 63413507  |c 20131225  |g RCR 
942 |c BK